[Event "Chigorin Memorial 2019"]
[Site "St Petersburg RUS"]
[Date "2019.10.07"]
[Round "3.34"]
[White "Getman, Tatyana"]
[Black "Goganov, Aleksey"]
[Result "1/2-1/2"]
[WhiteTitle "WFM"]
[BlackTitle "GM"]
[WhiteElo "2211"]
[BlackElo "2566"]
[WhiteFideId "34166146"]
[BlackFideId "24109959"]
[EventDate "2019.10.05"]

1. d4 Nf6 2. c4 e6 3. Nf3 d5 4. Nc3 c6 5. Bg5 Nbd7 6. e3 Qa5 7. Nd2 dxc4 8. Bxf6
Nxf6 9. Nxc4 Qc7 10. Bd3 Be7 11. O-O O-O 12. Re1 Rd8 13. Qe2 Bd7 14. e4 b5 15.
Ne3 b4 16. Na4 Be8 17. e5 Nd5 18. Qf3 Qa5 19. b3 Nc3 20. Nxc3 bxc3 21. Nc4 Qd5
22. Be4 Qxd4 23. Red1 Qc5 24. Qxc3 Rxd1+ 25. Rxd1 g6 26. g3 a5 27. Qf3 a4 28.
Nd6 axb3 29. axb3 Rd8 30. Nxe8 Rxe8 31. Bxc6 Rb8 32. Rd7 Qc1+ 33. Kg2 Rxb3 34.
Rd1 Qa3 35. Qf4 Rc3 36. Bf3 Qc5 37. Qd4 Bf8 38. Be4 Qc7 39. Rb1 Rc4 40. Qd3 Rc3
41. Qd4 Rc5 42. f4 Rc2+ 43. Kh3 Rc4 44. Qd3 Qc5 45. Qd7 Rxe4 46. Rb7 Qe7 47.
Qxe7 Bxe7 48. Rxe7 Re2 49. Ra7 h6 50. Ra1 Kg7 51. Rh1 h5 52. Kh4 Kh6 53. g4 Rg2
54. g5+ Kg7 55. Kh3 Rg4 56. Rf1 Kf8 57. Rf2 Ke7 58. Rf1 Ke8 59. Rf2 Kd7 60. Rd2+
Kc6 61. Rd4 Kb5 62. Re4 Kc5 63. Ra4 Kd5 64. Rb4 Kc6 65. Rc4+ Kb6 66. Rb4+ Ka5
67. Rc4 Kb5 68. Rd4 Kc5 69. Ra4 Kd5 70. Rb4 Rg1 71. Rb7 Ke4 72. Rxf7 Rf1 73. Rf6
Rf3+ 74. Kg2 Rxf4 75. h3 Kxe5 76. Rxg6 h4 77. Rg8 Rf5 78. Rh8 Rxg5+ 79. Kf2 Ke4
80. Rxh4+ Kd3 81. Rh8 Rf5+ 82. Ke1 e5 83. h4 Rf4 84. h5 Rh4 85. h6 e4 86. h7 Ke3
87. Kf1 Rf4+ 88. Kg2 Rf7 89. Kg3 Rd7 90. Kg4 Ke2 1/2-1/2

[Event "Chigorin Memorial 2019"]
[Site "St Petersburg RUS"]
[Date "2019.10.07"]
[Round "3.35"]
[White "Strybuk, Artsiom I"]
[Black "Lintchevski, Daniil"]
[Result "0-1"]
[WhiteTitle "FM"]
[BlackTitle "GM"]
[WhiteElo "2179"]
[BlackElo "2540"]
[WhiteFideId "13515659"]
[BlackFideId "4171055"]
[EventDate "2019.10.05"]

1. d4 d5 2. c4 c6 3. Nf3 Nf6 4. e3 Bg4 5. h3 Bh5 6. g4 Bg6 7. Ne5 e6 8. Nd2 Nbd7
9. Nxg6 hxg6 10. Bg2 Bd6 11. O-O Qe7 12. Re1 Ne4 13. cxd5 exd5 14. Nxe4 dxe4 15.
Bd2 f5 16. d5 c5 17. Bc3 O-O-O 18. a3 Kb8 19. b4 c4 20. Rc1 Rh4 21. gxf5 gxf5
22. Bd4 g5 23. Rxc4 g4 24. hxg4 Rxg4 25. Kf1 Qh4 26. Qa4 Nb6 27. Bxb6 axb6 28.
Rec1 Qh2 29. Rc8+ Rxc8 30. Rxc8+ Kxc8 31. Qe8+ Kc7 32. Qf7+ Kd8 33. Qf6+ Be7 34.
Qxb6+ Qc7 0-1

[Event "Chigorin Memorial 2019"]
[Site "St Petersburg RUS"]
[Date "2019.10.07"]
[Round "3.36"]
[White "Levin, Evgeny A."]
[Black "Podetti, Davide"]
[Result "1/2-1/2"]
[WhiteTitle "GM"]
[WhiteElo "2511"]
[BlackElo "2203"]
[WhiteFideId "4182596"]
[BlackFideId "893617"]
[EventDate "2019.10.05"]

1. d4 Nf6 2. c4 e6 3. Nf3 b6 4. g3 Ba6 5. Qc2 Bb7 6. Bg2 c5 7. d5 exd5 8. cxd5
Nxd5 9. O-O Nc6 10. Rd1 Be7 11. Qa4 Nf6 12. Nh4 O-O 13. Nf5 d5 14. Nc3 Nd4 15.
Nxd4 cxd4 16. Qxd4 Bc5 17. Qa4 Qc8 18. Nxd5 Nxd5 19. Bxd5 Bxd5 20. Rxd5 Qe6 21.
Qd1 Qf6 22. Bf4 Qxb2 23. Be5 Qb4 24. Qd3 Qg4 25. Rd1 Rfe8 26. e3 Qe6 27. a4 Rac8
28. Bf4 h6 29. h4 Re7 30. Re5 Qf6 31. Qa6 Rce8 32. Red5 Qe6 33. Qb5 a5 34. Bd6
Bxd6 35. Rxd6 Qh3 36. Rd8 Qe6 37. h5 Qe4 38. R1d4 Rxd8 39. Rxd8+ Kh7 40. Rd4 Qf3
41. Rf4 Qd1+ 42. Kh2 Qd6 43. Rd4 Qe5 44. Qd3+ Kg8 45. Kg2 Re8 46. g4 Re7 47.
Rd8+ Re8 48. Qf5 Qe7 49. Rd4 Qe6 50. Qxe6 Rxe6 51. Rd8+ Kh7 52. Rb8 Re4 53. Kf3
Rb4 54. Rb7 Kg8 55. Rb8+ Kh7 56. Rb7 1/2-1/2

[Event "Chigorin Memorial 2019"]
[Site "St Petersburg RUS"]
[Date "2019.10.07"]
[Round "3.37"]
[White "Triapishko, Alexandr"]
[Black "Indzhiev, Aldar"]
[Result "1-0"]
[WhiteTitle "IM"]
[WhiteElo "2514"]
[BlackElo "2180"]
[WhiteFideId "14122286"]
[BlackFideId "34121703"]
[EventDate "2019.10.05"]

1. Nf3 d5 2. g3 c6 3. Bg2 Bg4 4. c4 e6 5. d4 Nd7 6. O-O Be7 7. b3 h5 8. Ba3 Ngf6
9. h3 Bf5 10. Qc1 Ne4 11. Nbd2 Bf6 12. Rd1 g5 13. Nxe4 Bxe4 14. Ne1 Bxg2 15.
Nxg2 Be7 16. cxd5 cxd5 17. Bxe7 Qxe7 18. Qc7 Nb6 19. Rac1 Rd8 20. Ne1 f6 21. Nd3
Rh7 22. Qc2 Rc8 23. Nc5 Nd7 24. Qg6+ Qf7 25. Qxf7+ Rxf7 26. Nxb7 Rxc1 27. Rxc1
Re7 28. Nd6+ Kf8 29. Nc8 Re8 30. Nxa7 e5 31. Rc7 Ke7 32. Nb5 Rb8 33. a4 Ke6 34.
Rc6+ Ke7 35. e3 exd4 36. exd4 Nf8 37. Rc7+ Ke6 38. Kg2 Ng6 39. Rc6+ Kf7 40. Rc5
Ne7 41. a5 g4 42. a6 Nf5 43. a7 Re8 44. Rxd5 Kg6 45. Rxf5 1-0

[Event "Chigorin Memorial 2019"]
[Site "St Petersburg RUS"]
[Date "2019.10.07"]
[Round "3.38"]
[White "Vasiliev, Georgiy"]
[Black "Khegay, Dmitriy"]
[Result "0-1"]
[BlackTitle "IM"]
[WhiteElo "2172"]
[BlackElo "2509"]
[WhiteFideId "34126535"]
[BlackFideId "24153729"]
[EventDate "2019.10.05"]

1. d4 g6 2. c4 Bg7 3. Nf3 c5 4. d5 d6 5. e4 e6 6. Nc3 Ne7 7. Be2 a6 8. a4 h6 9.
O-O O-O 10. Be3 exd5 11. cxd5 g5 12. Nd2 Nd7 13. Nc4 Nb6 14. f4 Nxc4 15. Bxc4
gxf4 16. Bxf4 Ng6 17. Be3 Qh4 18. Qe1 Qxe1 19. Raxe1 Bd7 20. a5 Rfe8 21. Bd2
Rab8 22. Nd1 Re7 23. b4 Bd4+ 24. Kh1 Bb5 25. Bxb5 axb5 26. Ne3 Bxe3 27. Bxe3 c4
28. Bxh6 Rbe8 29. Bf4 Rxe4 30. Rxe4 Rxe4 31. Bxd6 Rd4 32. Bc5 Rxd5 33. h3 Ne5
34. Rf5 Rxc5 35. bxc5 Nc6 36. Kg1 c3 37. Rf1 Nxa5 0-1

[Event "Chigorin Memorial 2019"]
[Site "St Petersburg RUS"]
[Date "2019.10.07"]
[Round "3.39"]
[White "Gagare, Shardul"]
[Black "Zhukov, Anton"]
[Result "1-0"]
[WhiteTitle "GM"]
[WhiteElo "2474"]
[BlackElo "2178"]
[WhiteFideId "5037883"]
[BlackFideId "34187534"]
[EventDate "2019.10.05"]

1. Nf3 Nf6 2. g3 g6 3. b3 Bg7 4. Bb2 O-O 5. Bg2 d6 6. d4 c5 7. c4 Ne4 8. Nc3
Nxc3 9. Bxc3 Nc6 10. Qd2 cxd4 11. Nxd4 Nxd4 12. Bxd4 Bxd4 13. Qxd4 Qa5+ 14. Kf1
Qc7 15. h4 h5 16. Bf3 Bd7 17. Rd1 Bc6 18. Rg1 Bxf3 19. exf3 Qc6 20. Qe3 Kg7 21.
g4 Rh8 22. Rd5 hxg4 23. Rxg4 e5 24. Qd3 Rad8 25. c5 Rc8 26. Rxd6 Qe8 27. Qf5 Rc6
28. Qf6+ Kg8 29. Rg5 Rxd6 30. cxd6 Qb5+ 31. Kg2 Qd7 32. Rxe5 Rh5 33. Rxh5 gxh5
34. Qe7 1-0

[Event "Chigorin Memorial 2019"]
[Site "St Petersburg RUS"]
[Date "2019.10.07"]
[Round "3.40"]
[White "Vogel, Roven"]
[Black "Pogorelskikh, Sofia"]
[Result "1-0"]
[WhiteTitle "IM"]
[WhiteElo "2465"]
[BlackElo "2173"]
[WhiteFideId "12908088"]
[BlackFideId "44164548"]
[EventDate "2019.10.05"]

1. c4 Nf6 2. Nc3 g6 3. g3 d5 4. cxd5 Nxd5 5. Bg2 Nb6 6. Nf3 Bg7 7. O-O O-O 8. d3
c6 9. Bf4 Nd5 10. Bd2 e5 11. Rc1 h6 12. Qb3 Qb6 13. Nxd5 cxd5 14. Qxd5 Be6 15.
Qe4 Nc6 16. b3 Rfd8 17. Qa4 a5 18. Bc3 Qa6 19. Qa3 a4 20. bxa4 Qxa4 21. Qb2 Nd4
22. Bxd4 exd4 23. Qxb7 Qxa2 24. Rfe1 Rab8 25. Qc7 Rbc8 26. Qf4 Rxc1 27. Qxc1 Rc8
28. Qf4 Qb2 29. h4 Rc2 30. Bf1 Rc5 31. Qd6 Rc8 32. Bg2 Rc2 33. Bf1 Rc8 34. Qf4
Rc5 35. Bg2 Rc2 36. Qe4 Rc5 37. Nh2 Qd2 38. Rf1 Rc2 39. Bf3 Bh3 40. Qe8+ Bf8 41.
Ng4 Bxg4 42. Bxg4 h5 43. Bf3 Rc1 44. Bd5 Rxf1+ 45. Kxf1 Qc1+ 46. Kg2 Qc7 47. Qe4
Qb6 48. Qf4 Qa7 49. Qf6 Bg7 50. Qxg6 Qd7 51. Qxh5 Kf8 52. Be4 1-0

[Event "Chigorin Memorial 2019"]
[Site "St Petersburg RUS"]
[Date "2019.10.07"]
[Round "3.41"]
[White "Bryakin, Mikhail"]
[Black "Khramov, Andrey"]
[Result "1-0"]
[WhiteTitle "FM"]
[WhiteElo "2436"]
[BlackElo "2159"]
[WhiteFideId "4165314"]
[BlackFideId "24199257"]
[EventDate "2019.10.05"]

1. Nf3 d5 2. e3 Nf6 3. c4 c6 4. Nc3 e6 5. Qc2 Nbd7 6. d4 Bd6 7. Bd3 dxc4 8. Bxc4
b5 9. Bd3 Bb7 10. O-O O-O 11. a4 b4 12. Ne4 Nxe4 13. Bxe4 Nf6 14. Nd2 Qc7 15. h3
c5 16. Bxb7 Qxb7 17. Nc4 Be7 18. dxc5 Rac8 19. b3 Rxc5 20. Bb2 Rd8 21. Rad1 Rcd5
22. Bd4 Ne8 23. Qe4 Bf6 24. Rd2 Qc7 25. Rfd1 Bxd4 26. Rxd4 Nf6 27. Rxd5 Rxd5 28.
Qc2 h6 29. Rd3 Ne4 30. f3 Rxd3 31. Qxd3 Nc5 32. Qc2 g6 33. f4 Qc6 34. Qd2 Qc7
35. Qxb4 Ne4 36. Kh2 g5 37. Ne5 Nf6 38. Qc4 Qb8 39. Qb5 Qc7 40. Qc4 Qb8 41. Ng4
Nxg4+ 42. hxg4 gxf4 43. exf4 Qd8 44. Kg3 Kg7 45. Qc3+ Kh7 46. b4 f5 47. gxf5
exf5 48. b5 Qg8+ 49. Kh2 Qg4 50. Qe3 Qh4+ 51. Kg1 Kg8 52. a5 Qd8 53. b6 axb6 54.
axb6 Qd1+ 55. Kf2 Qc2+ 56. Kg3 Qc8 57. Qb3+ Kf8 58. b7 Qb8 59. Qb6 Ke8 60. Qxh6 1-0

[Event "Chigorin Memorial 2019"]
[Site "St Petersburg RUS"]
[Date "2019.10.07"]
[Round "3.42"]
[White "Shkurkin, Andrey"]
[Black "Abdisalimov, Abdimalik"]
[Result "1-0"]
[WhiteTitle "FM"]
[BlackTitle "FM"]
[WhiteElo "2184"]
[BlackElo "2409"]
[WhiteFideId "34179647"]
[BlackFideId "14206323"]
[EventDate "2019.10.05"]

1. d4 Nf6 2. c4 e6 3. g3 c5 4. d5 exd5 5. cxd5 d6 6. Nc3 g6 7. Bg2 Bg7 8. Nf3
O-O 9. O-O Re8 10. Bf4 Na6 11. Nd2 Nh5 12. Be3 Bf5 13. Nc4 Nb4 14. Bd2 Qd7 15.
a3 Na6 16. e4 Bxc3 17. Bxc3 Bxe4 18. f3 b5 19. Nxd6 Bc2 20. Qxc2 Qxd6 21. f4 f6
22. f5 g5 23. Rfe1 Rxe1+ 24. Rxe1 Nc7 25. Qe2 Ng7 26. Qe7 Nxf5 27. Qxf6 Qxf6 28.
Bxf6 Ne8 29. d6 Rb8 30. Rxe8+ 1-0

[Event "Chigorin Memorial 2019"]
[Site "St Petersburg RUS"]
[Date "2019.10.07"]
[Round "3.43"]
[White "Usmanov, Ilnur"]
[Black "Schekachikhin, Maksim"]
[Result "1/2-1/2"]
[BlackTitle "IM"]
[WhiteElo "2144"]
[BlackElo "2400"]
[WhiteFideId "4111303"]
[BlackFideId "24177830"]
[EventDate "2019.10.05"]

1. d4 e6 2. Nf3 c5 3. c3 Nc6 4. e4 d5 5. exd5 exd5 6. Be2 c4 7. b3 cxb3 8. axb3
Bd6 9. O-O Nge7 10. Re1 O-O 11. Nbd2 Re8 12. Bd3 Bf5 13. Nf1 Qd7 14. Ng3 Bxg3
15. hxg3 Rac8 16. Ba3 Ng6 17. Qc2 Bxd3 18. Qxd3 Na5 19. Bb4 Nc6 20. Ba3 h5 21.
Bb2 b6 22. Ba3 Na5 23. Bb4 Nxb3 24. Ra3 Rxe1+ 25. Nxe1 Qe6 26. Nf3 Nc1 27. Qd2
a5 28. Bxa5 Ne2+ 29. Kf1 Nxg3+ 30. fxg3 bxa5 31. Rxa5 Qe4 32. Kf2 h4 33. gxh4
Nxh4 34. Nxh4 Qxh4+ 35. Kg1 Re8 36. Ra1 Qg3 37. Rf1 f6 38. Rf3 Re1+ 39. Rf1 Re4
40. Qa2 Qe3+ 41. Rf2 Qg5 42. Qd2 Qg4 43. Rf3 Qh4 44. Re3 Qg5 45. Re2 Qg3 46.
Rxe4 dxe4 47. Qa2+ Kh7 48. Qe2 e3 1/2-1/2

[Event "Chigorin Memorial 2019"]
[Site "St Petersburg RUS"]
[Date "2019.10.07"]
[Round "3.44"]
[White "Duzhakov, Ilya"]
[Black "Volkov, Roman"]
[Result "1-0"]
[WhiteTitle "IM"]
[WhiteElo "2401"]
[BlackElo "2170"]
[WhiteFideId "4192516"]
[BlackFideId "34191442"]
[EventDate "2019.10.05"]

1. d4 Nf6 2. c4 g6 3. g3 d5 4. cxd5 Nxd5 5. Bg2 Bg7 6. Nf3 O-O 7. O-O Nb6 8. Nc3
Nc6 9. e3 Re8 10. a3 a5 11. d5 Ne5 12. Nxe5 Bxe5 13. Qc2 e6 14. dxe6 Bxe6 15.
Bxb7 Rb8 16. Bc6 Rf8 17. Bg2 Qe7 18. b3 Qc5 19. Bd2 Rfd8 20. Rfc1 Bxb3 21. Qxb3
Nc4 22. Ne4 Rxb3 23. Nxc5 Nxd2 24. Nxb3 Nxb3 25. Rd1 Bd6 26. Rab1 a4 27. Bc6 Nc5
28. Rd4 Rf8 29. Rb5 Kg7 30. Rc4 Ne6 31. Rxa4 Rd8 32. Kf1 Bc5 33. Ke2 Rd6 34. Bg2
Bb6 35. Rc4 Ba7 36. Rc6 Rxc6 37. Bxc6 Nc5 38. Ra5 Bb6 39. Ra8 Nb3 40. Bd5 Na5
41. e4 h5 42. f4 c6 43. Ba2 1-0

[Event "Chigorin Memorial 2019"]
[Site "St Petersburg RUS"]
[Date "2019.10.07"]
[Round "3.45"]
[White "Kovalchuk, Alexey"]
[Black "Nasibullin, Iskander"]
[Result "1-0"]
[WhiteElo "2389"]
[BlackElo "2123"]
[WhiteFideId "24154385"]
[BlackFideId "34124273"]
[EventDate "2019.10.05"]

1. e4 c5 2. Nf3 e6 3. g3 d5 4. exd5 exd5 5. d4 Nf6 6. Bg2 Be7 7. O-O O-O 8. Nc3
Nc6 9. dxc5 Bxc5 10. a3 a6 11. b4 Be7 12. Bb2 Bg4 13. h3 Be6 14. Ne2 Qd7 15. Nf4
Rfd8 16. Nxe6 fxe6 17. Re1 Ne8 18. Qe2 Kf7 19. c4 b5 20. cxd5 exd5 21. Rac1 Bf6
22. Bxf6 gxf6 23. Qc2 Rac8 24. Qxh7+ Ng7 25. Nh4 Ne5 26. f4 Rh8 27. Qb1 Rxc1 28.
Rxc1 Rxh4 29. fxe5 Rc4 30. exf6 Rxc1+ 31. Qxc1 Ne8 32. g4 Nxf6 33. Qf4 Kg6 34.
Qe5 Qc6 35. Qf5+ Kg7 36. Qe5 Kg6 37. Kh2 Qc2 38. Qf4 Ne4 39. h4 Kg7 40. h5 Nf6
41. Qd4 Qc7+ 42. Kh3 Qc1 43. Bxd5 Qxa3+ 44. Kh4 Qc1 45. g5 Qe1+ 46. Kh3 Qf1+ 47.
Bg2 Qf5+ 48. Kh4 Kg8 49. Qxf6 1-0

[Event "Chigorin Memorial 2019"]
[Site "St Petersburg RUS"]
[Date "2019.10.07"]
[Round "3.46"]
[White "Yagupov, Igor"]
[Black "Ivanov, Sergei V."]
[Result "0-1"]
[WhiteTitle "GM"]
[WhiteElo "2381"]
[BlackElo "2134"]
[WhiteFideId "4113632"]
[BlackFideId "24170003"]
[EventDate "2019.10.05"]

1. d4 d5 2. c4 c6 3. Nc3 Nf6 4. e3 Bf5 5. cxd5 cxd5 6. Qb3 Nc6 7. Qxb7 Bd7 8.
Qb3 Rb8 9. Qd1 e5 10. dxe5 Nxe5 11. Be2 Bd6 12. Nf3 Qe7 13. O-O O-O 14. Nd4 Rfc8
15. Ncb5 Bc5 16. a3 Ne4 17. Nc3 Nxc3 18. bxc3 Rb6 19. f4 Nc4 20. Bxc4 dxc4 21.
Qf3 Re8 22. Qd5 Bc8 23. Rf2 Ba6 24. a4 Rd8 25. Qf3 Bb7 26. Qe2 Bd5 27. a5 Ra6
28. Qa2 Qe4 29. Qc2 Qe7 30. Qa4 Rb8 31. Re2 Qe4 32. Ba3 Rg6 33. g3 Bxd4 34. cxd4
Qh1+ 35. Kf2 Qxh2+ 36. Ke1 Qg1+ 37. Kd2 Qxa1 0-1

[Event "Chigorin Memorial 2019"]
[Site "St Petersburg RUS"]
[Date "2019.10.07"]
[Round "3.47"]
[White "Suleymenov, Alisher"]
[Black "Skuratovich, Yakov"]
[Result "1-0"]
[WhiteTitle "IM"]
[WhiteElo "2370"]
[BlackElo "2097"]
[WhiteFideId "13707833"]
[BlackFideId "24116785"]
[EventDate "2019.10.05"]

1. d4 Nf6 2. c4 e6 3. Nf3 d5 4. Bg5 Be7 5. Nc3 c6 6. e3 Nbd7 7. Rc1 O-O 8. Bd3
Re8 9. O-O b6 10. cxd5 exd5 11. Qc2 Bb7 12. Ne5 h6 13. Bxf6 Nxf6 14. f4 c5 15.
Bb5 Rf8 16. Bc6 Bxc6 17. Nxc6 Qc7 18. Ne5 Qb7 19. Qf5 Qc8 20. Qd3 Qb7 21. g4
Rad8 22. Rc2 Ne4 23. Rg2 Bf6 24. h4 Bxe5 25. dxe5 Nxc3 26. bxc3 Qe7 27. g5 Kh8
28. Rf3 Qe6 29. Rfg3 Rg8 30. Kh2 g6 31. gxh6 Kh7 32. h5 Kxh6 33. hxg6 fxg6 34.
Rg5 Rdf8 35. Qd1 Rg7 36. Kg1 Kh7 37. Qe1 Kg8 38. Qg3 Kh7 39. Rh5+ Kg8 40. Rh6
Rd8 41. Rxg6 Rxg6 42. Qxg6+ Qxg6 43. Rxg6+ Kf7 44. f5 d4 45. exd4 cxd4 46. e6+
Ke7 47. Rg7+ 1-0

[Event "Chigorin Memorial 2019"]
[Site "St Petersburg RUS"]
[Date "2019.10.07"]
[Round "3.48"]
[White "Pingin, Artem"]
[Black "Nie, Xinyang"]
[Result "0-1"]
[WhiteTitle "CM"]
[WhiteElo "2085"]
[BlackElo "2366"]
[WhiteFideId "44193645"]
[BlackFideId "8607222"]
[EventDate "2019.10.05"]

1. e4 e6 2. d4 d5 3. Nc3 Nf6 4. Bg5 Bb4 5. e5 h6 6. Bd2 Nfd7 7. Bd3 a6 8. Nce2
Be7 9. Nf3 c5 10. c3 Nc6 11. a3 c4 12. Bc2 b5 13. h4 Nb6 14. g4 Bd7 15. Ng3 Qc7
16. Kf1 O-O-O 17. Kg2 Rdf8 18. g5 Rfg8 19. Nh2 hxg5 20. hxg5 Kb7 21. f4 a5 22.
Nf3 b4 23. Qe1 bxa3 24. bxa3 a4 25. g6 fxg6 26. Bxg6 Qc8 27. Ng5 Rh6 28. Bh5 Qf8
29. Qe2 Rgh8 30. f5 Bxg5 31. Bxg5 R6h7 32. Bg6 Rxh1 33. Rxh1 Rxh1 34. Kxh1 Ne7
35. Bxe7 Qxe7 36. Qg4 Qxa3 37. fxe6 Qc1+ 38. Kg2 Qd2+ 39. Kh3 Bb5 40. Nf5 Qxc3+
41. Kh2 Qb2+ 42. Kg3 Ka6 43. Nd6 a3 44. Nxb5 a2 45. Nc7+ Kb7 46. e7 a1=Q 47.
e8=Q Qg1+ 48. Kh4 Qbf2+ 49. Kg5 Qc1+ 0-1

[Event "Chigorin Memorial 2019"]
[Site "St Petersburg RUS"]
[Date "2019.10.07"]
[Round "3.49"]
[White "Ovchinnikov, Vsevolod"]
[Black "Rudovskii, Filipp"]
[Result "1-0"]
[WhiteTitle "FM"]
[WhiteElo "2345"]
[BlackElo "2120"]
[WhiteFideId "24176842"]
[BlackFideId "54121299"]
[EventDate "2019.10.05"]

1. Nf3 Nf6 2. c4 e6 3. g3 d5 4. d4 dxc4 5. Bg2 Be7 6. Nc3 O-O 7. Ne5 Nc6 8. Bxc6
bxc6 9. Nxc6 Qe8 10. Nxe7+ Qxe7 11. Qa4 c5 12. dxc5 Qxc5 13. Be3 Qh5 14. f3 Nd5
15. Bd4 a5 16. Rd1 Nxc3 17. Bxc3 Qc5 18. Rd4 Ba6 19. Qxa5 Qxa5 20. Bxa5 Bb5 21.
Bb4 Rfd8 22. Rxd8+ Rxd8 23. Kf2 h5 24. Rc1 f6 25. h3 Kf7 26. g4 f5 27. Kg3 fxg4
28. hxg4 hxg4 29. Kxg4 Kf6 30. Bc3+ Kf7 31. Kf4 Ra8 32. a3 Rd8 33. Rg1 g6 34.
Rh1 Rd5 35. Rh7+ Kf8 36. Rc7 Ke8 37. Rg7 g5+ 38. Rxg5 Rxg5 39. Kxg5 Ke7 40. Kf4
Kd6 41. e4 Bc6 42. Bb4+ Kd7 43. Ke5 Ba4 44. Kd4 Bb3 45. f4 Kc6 46. f5 exf5 47.
exf5 Kd7 48. Kc5 Ke7 49. Bc3 1-0

[Event "Chigorin Memorial 2019"]
[Site "St Petersburg RUS"]
[Date "2019.10.07"]
[Round "3.50"]
[White "Shihaliev, Leonard"]
[Black "Gevorgyan, David Sh."]
[Result "1/2-1/2"]
[BlackTitle "IM"]
[WhiteElo "2080"]
[BlackElo "2336"]
[WhiteFideId "24192163"]
[BlackFideId "13303244"]
[EventDate "2019.10.05"]

1. e4 e5 2. Nc3 Nc6 3. g3 Nf6 4. Bg2 Bc5 5. Na4 Be7 6. Nc3 O-O 7. Nge2 Bc5 8.
Na4 Bd6 9. Nac3 a6 10. O-O Bc5 11. d3 d6 12. h3 Be6 13. Bg5 h6 14. Bxf6 Qxf6 15.
Kh2 Nd4 16. Nxd4 Bxd4 17. Qe2 Bxc3 18. bxc3 b5 19. Qe3 c5 20. Qd2 Qe7 21. f4 f6
22. h4 g5 23. f5 Bf7 24. Bf3 Kg7 25. Kg2 Rh8 26. Rh1 h5 27. hxg5 fxg5 28. g4
hxg4 29. Bxg4 Rxh1 30. Rxh1 Rh8 31. Rxh8 Kxh8 32. a3 Qf6 33. Qe3 Kg7 34. Qf3 Qh6
35. Qg3 Kf6 36. d4 Qh4 37. dxe5+ dxe5 38. Qf3 a5 39. Qd1 Kg7 40. f6+ Kxf6 41.
Qd6+ Kg7 42. Qxe5+ Kg8 43. Qf5 b4 44. cxb4 cxb4 1/2-1/2

[Event "Chigorin Memorial 2019"]
[Site "St Petersburg RUS"]
[Date "2019.10.07"]
[Round "3.52"]
[White "Kuzmin, Roman"]
[Black "Goltsev, Dmitry"]
[Result "0-1"]
[BlackTitle "FM"]
[WhiteElo "2013"]
[BlackElo "2309"]
[WhiteFideId "44134932"]
[BlackFideId "24176710"]
[EventDate "2019.10.05"]

1. e4 e6 2. d4 d5 3. Nc3 Nf6 4. Bg5 dxe4 5. Nxe4 Be7 6. Bxf6 Bxf6 7. Nf3 O-O 8.
c3 b6 9. Bd3 Bb7 10. Qe2 Nd7 11. O-O-O Qe7 12. h4 c5 13. Neg5 h6 14. Bh7+ Kh8
15. Be4 Bxe4 16. Nxe4 cxd4 17. Nxf6 Nxf6 18. Rxd4 Rfd8 19. Rhd1 Rxd4 20. Rxd4
Rd8 21. Qd2 Rxd4 22. Qxd4 Nd7 23. Qe4 Nc5 24. Qe3 Qd6 25. Kc2 Qd5 26. b3 Qf5+
27. Kc1 e5 28. g4 Qe6 29. g5 h5 30. b4 Nd7 31. Kb2 Qd5 32. Nd2 b5 33. Nb3 Nb6
34. Kc2 Nc4 35. Qd3 Qg2 36. Qe2 Qh2 37. Nd2 Qxh4 38. Nxc4 bxc4 39. Qd2 Qe4+ 40.
Kb2 h4 41. f3 Qxf3 42. Qd8+ Kh7 43. g6+ Kxg6 44. Qxh4 e4 45. Qh2 e3 46. Qd6+ f6
47. Qe6 e2 48. Qe8+ Kh7 49. Kc2 Qd3+ 50. Kb2 Qd2+ 51. Ka3 e1=Q 52. Qh5+ Kg8 53.
Qe8+ Qxe8 0-1

[Event "Chigorin Memorial 2019"]
[Site "St Petersburg RUS"]
[Date "2019.10.07"]
[Round "3.53"]
[White "Zhukov, Maksim"]
[Black "Salman, Pavel"]
[Result "1/2-1/2"]
[WhiteTitle "FM"]
[BlackTitle "FM"]
[WhiteElo "2000"]
[BlackElo "2282"]
[WhiteFideId "34181790"]
[BlackFideId "24153753"]
[EventDate "2019.10.05"]

1. d4 d6 2. Nf3 Bg4 3. e4 Nf6 4. Bd3 Nc6 5. c3 e5 6. Be3 d5 7. exd5 Qxd5 8. Be2
exd4 9. cxd4 Bb4+ 10. Nc3 Ne4 11. Qc2 Bf5 12. Qc1 Qa5 13. Bd2 O-O 14. O-O Rfe8
15. Nxe4 Rxe4 16. Bxb4 Nxb4 17. Bc4 Be6 18. a3 Bxc4 19. Qxc4 Nc6 20. b4 Qf5 21.
b5 Ne5 22. Nxe5 Qxe5 23. dxe5 Rxc4 24. Rfc1 Rxc1+ 25. Rxc1 Rd8 26. f4 Rd7 27.
Kf2 g6 28. Ke3 f6 29. Ke4 fxe5 30. Kxe5 Kf7 31. g4 Re7+ 32. Kd5 Rd7+ 33. Ke5
Re7+ 34. Kd5 Rd7+ 1/2-1/2

[Event "Chigorin Memorial 2019"]
[Site "St Petersburg RUS"]
[Date "2019.10.07"]
[Round "3.54"]
[White "Saidov, Bilukhadzh"]
[Black "Savinov, Leonid"]
[Result "1-0"]
[WhiteTitle "FM"]
[WhiteElo "2260"]
[BlackElo "2086"]
[WhiteFideId "34165476"]
[BlackFideId "4166264"]
[EventDate "2019.10.05"]

1. d4 Nf6 2. Nf3 b6 3. g3 Bb7 4. Bg2 e6 5. O-O Be7 6. c4 O-O 7. d5 exd5 8. Nd4
c6 9. cxd5 Nxd5 10. Nf5 Nf6 11. e4 d5 12. exd5 Nxd5 13. Nc3 Na6 14. Nxd5 cxd5
15. Bxd5 Bxd5 16. Qxd5 Bf6 17. Qb5 Nc5 18. Bf4 Qd3 19. Nd6 Qxb5 20. Nxb5 Bxb2
21. Rab1 Bf6 22. Bd6 Rfd8 23. Bc7 Rd7 24. Bf4 g5 25. Be3 Na4 26. Rfc1 a6 27. Nc7
Rc8 28. Nxa6 Rxc1+ 29. Rxc1 Nc3 30. Kg2 Nd5 31. Rc2 Kg7 32. Bd2 Ra7 33. Nb4 Nxb4
34. Bxb4 g4 35. Bd2 b5 36. Be3 Ra4 37. Rc5 Rxa2 38. Rxb5 Ra4 39. h3 gxh3+ 40.
Kxh3 Bd4 41. Rg5+ Kf6 42. Rg4 Ke5 43. Rh4 f5 44. f3 Rb4 45. Bf4+ Kd5 46. Rxh7
Rb3 47. Rd7+ Kc4 48. Rf7 Rxf3 49. Rxf5 Rf1 50. Kg4 Kd3 51. Rd5 Ke4 52. Rd8 Rh1
53. Re8+ Kd5 54. Kf5 Rh5+ 55. Bg5 Rh1 56. Rd8+ Kc4 57. Bf4 Rf1 58. Rd7 Bc5 59.
Rd8 Bd4 60. Re8 Bb2 61. g4 Kd5 62. Rd8+ Kc6 63. g5 Ba1 64. g6 Bg7 65. Rc8+ Kd5
66. Rd8+ Kc6 67. Kg4 Rg1+ 68. Bg3 Rg2 69. Kf3 Ra2 70. Rd6+ Kc5 71. Rd7 Bf6 72.
Ke4 Rg2 73. Rd3 Kc4 74. Rf3 Bd4 75. Kf5 Kd5 76. Bf4 Ra2 77. Bg5 Ra8 78. Bh6 Ra6
79. Rd3 Kc4 80. Rd1 Rf6+ 81. Kg5 Rf2 82. Kg4 1-0

[Event "Chigorin Memorial 2019"]
[Site "St Petersburg RUS"]
[Date "2019.10.07"]
[Round "3.55"]
[White "Dimitrova, Aleksandra"]
[Black "Sidorov, Dmitry I"]
[Result "1-0"]
[WhiteTitle "WIM"]
[WhiteElo "2241"]
[BlackElo "2059"]
[WhiteFideId "24173371"]
[BlackFideId "44155360"]
[EventDate "2019.10.05"]

1. e4 e6 2. d4 d5 3. Nd2 Nf6 4. e5 Ne4 5. Nxe4 dxe4 6. Bc4 Nd7 7. Ne2 c5 8. c3
Qa5 9. O-O b5 10. Bb3 Bb7 11. Ng3 Be7 12. Qg4 O-O-O 13. Bc2 h5 14. Qe2 h4 15.
Nxe4 c4 16. b4 Qc7 17. Nc5 Bxc5 18. bxc5 Qc6 19. f3 f5 20. exf6 Nxf6 21. Bg5
Rdf8 22. Bxf6 Rxf6 23. Be4 Qc7 24. a4 h3 25. g3 Rh5 26. axb5 Rg5 27. c6 1-0